[Event "GER-chT U20"]
[Site "Kelheim"]
[Date "2007.12.27"]
[Round "2.4"]
[White "Weissbeck, Simon"]
[Black "Guenther, Christian1111"]
[Result "0-1"]
[WhiteElo "1780"]
[BlackElo "2075"]
[PlyCount "154"]
[EventDate "2007.12.27"]
[EventType "team-swiss"]
[EventRounds "7"]
[EventCountry "GER"]
[SourceTitle "EXT 2022"]
[Source "ChessBase"]
[SourceDate "2021.10.06"]
[SourceVersion "1"]
[SourceVersionDate "2021.10.06"]
[SourceQuality "1"]
[WhiteTeam "Heilbronn U20"]
[BlackTeam "Sangerhausen U20"]
[WhiteTeamCountry "GER"]
[BlackTeamCountry "GER"]

1. e4 c5 2. c3 d5 3. exd5 Qxd5 4. d4 Nc6 5. Nf3 Bg4 6. Be2 e6 7. h3 Bh5 8. 0-0 Nf6 9. Be3 cxd4 10. cxd4 Be7 11. Nc3 Qa5 12. Qb3 Qb4 13. Qxb4 Bxb4 14. g4 Bg6 15. Bb5 Bxc3 16. bxc3 Nd7 17. Bf4 0-0 18. Bxc6 bxc6 19. Ne5 Nxe5 20. Bxe5 f6 21. Bg3 Rf7 22. Rfe1 Re8 23. f4 Rb7 24. Re2 Kf7 25. Rae1 Ree7 26. Bf2 Bd3 27. Rd2 Bc4 28. Rc1 Rb5 29. Rcc2 Reb7 30. Be3 Rb1+ 31. Kh2 a5 32. Rf2 Bd3 33. Rcd2 Be4 34. f5 exf5 35. gxf5 a4 36. c4 a3 37. d5 cxd5 38. cxd5 R1b2 39. d6 Rxd2 40. Rxd2 Bxf5 41. Kg3 Rb2 42. Rd5 Bd7 43. Rd3 Rxa2 44. Bc5 Re2 45. Bxa3 g5 46. Bb4 f5 47. Kf3 Rh2 48. Kg3 Re2 49. Kf3 Re4 50. Bd2 Kg6 51. Be3 Rc4 52. Bf2 h6 53. Bb6 f4 54. Kf2 Rc6 55. Bc7 Rc2+ 56. Kg1 Rc1+ 57. Kg2 Rc2+ 58. Kg1 h5 59. Bd8 Rc1+ 60. Kg2 Rc2+ 61. Kg1 Rc1+ 62. Kg2 Rc2+ 63. Kg1 Rc5 64. h4 g4 65. Bg5 Rc1+ 66. Kf2 Rc2+ 67. Kf1 Rc1+ 68. Kf2 Rc2+ 69. Kf1 Rc4 70. Kf2 Kf5 71. Ke2 Rc2+ 72. Kf1 Rc1+ 73. Kg2 Rc2+ 74. Kf1 Rc4 75. Kf2 g3+ 76. Kf3 Bc6+ 77. Ke2 Rc2+ 0-1

[Event "GER-ch U25"]
[Site "Willingen"]
[Date "2007.05.31"]
[Round "8"]
[White "Kahleys, Kevin"]
[Black "Weissbeck, Simon"]
[Result "1-0"]
[WhiteElo "1660"]
[BlackElo "1805"]
[PlyCount "105"]
[EventDate "2007.05.26"]
[EventType "swiss"]
[EventRounds "9"]
[EventCountry "GER"]
[SourceTitle "CBM 118 Extra"]
[Source "ChessBase"]
[SourceDate "2007.07.04"]
[SourceVersion "1"]
[SourceVersionDate "2007.07.04"]
[SourceQuality "1"]

1. d4 Nf6 2. c4 g6 3. Nc3 Bg7 4. e4 d6 5. f3 0-0 6. Be3 e5 7. Nge2 Nc6 8. d5 Ne7 9. Qd2 c6 10. g4 cxd5 11. cxd5 Bd7 12. Ng3 a6 13. h4 b5 14. h5 b4 15. Nd1 a5 16. Bh6 Ne8 17. Bxg7 Nxg7 18. Be2 f6 19. hxg6 hxg6 20. Ne3 Qb6 21. Nc4 Qb8 22. Rc1 Bb5 23. Ne3 Bxe2 24. Kxe2 b3 25. a3 Rc8 26. Rxc8+ Qxc8 27. Rc1 Qa6+ 28. Qd3 Kf7 29. Qxa6 Rxa6 30. Kd3 a4 31. Ne2 f5 32. gxf5 gxf5 33. Rc4 Nh5 34. Nxf5 Nxf5 35. exf5 Nf6 36. Rc6 Nd7 37. Rxa6 Nc5+ 38. Kc4 Nxa6 39. Nc3 Kf6 40. Ne4+ Kxf5 41. Nxd6+ Kf4 42. Kb5 Nb8 43. Nc4 Nd7 44. Kc6 Kxf3 45. Kxd7 e4 46. Kc6 e3 47. Nxe3 Kxe3 48. Kb5 Kd3 49. Kxa4 Kc2 50. d6 Kxb2 51. d7 Ka2 52. d8Q b2 53. Qd2 1-0

[Event "GER-ch U25"]
[Site "Willingen"]
[Date "2007.05.29"]
[Round "5"]
[White "Weissbeck, Simon"]
[Black "Schulz, Ann Kristin"]
[Result "1/2-1/2"]
[WhiteElo "1805"]
[BlackElo "1498"]
[PlyCount "67"]
[EventDate "2007.05.26"]
[EventType "swiss"]
[EventRounds "9"]
[EventCountry "GER"]
[SourceTitle "CBM 118 Extra"]
[Source "ChessBase"]
[SourceDate "2007.07.04"]
[SourceVersion "1"]
[SourceVersionDate "2007.07.04"]
[SourceQuality "1"]

1. e4 e5 2. Nf3 Nf6 3. Nxe5 d6 4. Nf3 Nxe4 5. Qe2 Qe7 6. d3 Nf6 7. Bg5 Qxe2+ 8. Bxe2 Be7 9. Nc3 Be6 10. 0-0-0 Nd5 11. Nxd5 Bxg5+ 12. Nxg5 Bxd5 13. Rhe1 0-0 14. Bf3 Bxf3 15. Nxf3 Nc6 16. Re3 Rfe8 17. Rde1 Rxe3 18. fxe3 Re8 19. Kd2 Re6 20. Rf1 Rf6 21. a3 Ne5 22. Ke2 Nxf3 23. gxf3 Rg6 24. Kf2 Kf8 25. f4 d5 26. Rd1 Ke7 27. h4 h5 28. Kf3 Rg4 29. Rh1 f5 30. Rh2 Ke6 31. e4 dxe4+ 32. dxe4 fxe4+ 33. Kxe4 c6 34. b3 1/2-1/2